| 000 | 00595nam a2200229Ia 4500 | ||
|---|---|---|---|
| 003 | OSt | ||
| 005 | 20230317153150.0 | ||
| 008 | 210210b2008 xxu||||| |||| 00| 0 eng d | ||
| 020 | _a9788131720479 | ||
| 040 | _cAL | ||
| 041 | _aeng | ||
| 082 | _a001.535 HOPI | ||
| 100 |
_aHOPCROFT (John E) _976210 |
||
| 245 | _aIntroduction to automata theory, languages, and computation | ||
| 250 | _a3 | ||
| 260 |
_aChennai _bPearson Education _c2008 |
||
| 300 | _axvi,485 | ||
| 690 |
_aArtificial Intelligence _976211 |
||
| 700 |
_aMOTWANI (Rajeev) _976212 |
||
| 906 | _a062940 | ||
| 942 |
_2ddc _cBK |
||
| 999 |
_c130710 _d130710 |
||